01882 a2200277 4500003000500000005001700005010001700022020002800039040000900067082001600076100002800092245004500120250001200165260005400177300007200231505057000303650002500873650002700898942001200925999001900937952010300956952012501059952014001184952014001324952014001464Nust20221118122411.0 a 2002019750 a0130942006 (alk. paper) cNust00a621.381,FLO1 aFloyd, Thomas L.91019210aDigital fundamentals /cThomas L. Floyd. a8th ed. aUpper Saddle River, N.J. :bPrentice Hall,c2003. axvii, 942 p. :bill. (some col.) ;c28 cm. +e2 CD-ROMs (4 3/4 in.) aIntroductory Digital Concepts (Page-3), Number Systems Operations and Codes (Page-40), Logic Gates (Page-104), Boolean Algebra and Logic Simplification (Page-168), Combinational Logic (Page-236), Functions of Combinational Logic (Page-288), Combinational Logic (Page-362), Flip Flops (Page-392), Counters (Page-458), Shift Register (Page-530), Sequential Logic (Page-582),Memory and Storage (Page-616),Introduction to Microprocessors Computer and Buses (Page-692), Introduction to Digital Signal Processing (Page-756) , Integrated Circuits Technologies (Page-798),  0aDigital electronics. 0aLogic circuits.917982 2ddccBK c183627d183627 00102ddc40708NFICaMCSbMCSd2016-12-12l0o621.381 FLOpMCS28950r2016-12-08w2016-12-12yBK 00102ddc4070aMCSbMCScGENd2016-12-12o621.381,FLOpMCS36275r2016-12-08w2016-12-12yBKzAlmirah No.31, Shelf No.2 00102ddc4070aMCSbMCScGENd2016-12-12l2o621.381,FLOpMCS36291r2024-04-17s2024-04-16w2016-12-12yBKzAlmirah No.31, Shelf No.2 00102ddc4070aMCSbMCScGENd2022-11-18l3o621.381,FLOpMCS37030r2025-09-17s2025-09-03w2022-11-18yBKzAlmirah No.31, Shelf No.2 00102ddc4070aMCSbMCScGENd2024-04-02l2o621.381,FLOpMCS36303r2025-01-16s2024-04-19w2024-04-02yBKzAlmirah No.31, Shelf No.2